Las motivaciones del voto en las elecciones republicanas = The vote's motivations in the republican elections /
A manera de introducción, el autor hace referencia a las distintas temáticas y aproximaciones que se desarrollan en este número de la revista, entre los cuales menciona: democracia representativa, participación polñitica y abstencionismo, estudios de opinión así como análisis de actores no partidiar...
Kaydedildi:
| Yazar: | |
|---|---|
| Materyal Türü: | Metin |
| Konular: | |
| Etiketler: |
Etiketle
Etiket eklenmemiş, İlk siz ekleyin!
|
MARC
| LEADER | 00000 a a2200000 04500 | ||
|---|---|---|---|
| 001 | 44209 | ||
| 003 | |||
| 040 | |||
| 100 | |a Camacho Monge, Daniel | ||
| 245 | |a Las motivaciones del voto en las elecciones republicanas = |b The vote's motivations in the republican elections / |c Daniel Camacho Monge | ||
| 520 | |a A manera de introducción, el autor hace referencia a las distintas temáticas y aproximaciones que se desarrollan en este número de la revista, entre los cuales menciona: democracia representativa, participación polñitica y abstencionismo, estudios de opinión así como análisis de actores no partidiarios. | ||
| 590 | |a RRH/FEBRERO2013 | ||
| 650 | |a 1.PARTIDOS POLITICOS | ||
| 650 | |a 2.DEMOCRACIA | ||
| 650 | |a 3.PARTICIPACION POLITICA | ||
| 650 | |a 4.OPINION | ||
| 650 | |a 5.COSTA RICA | ||
| 740 | |a Costa Rica: elecciones nacionales 2010: |b una mirada a su democracia | ||
| 773 | |g número130 ( , 2010), páginas 9-13 | ||
| 999 | |c 30043 |d 30043 | ||
| 773 | 0 | |0 18728 |9 3017 |a Universidad de Costa Rica |d San José, Costa Rica Editorial UCR 1956- |o 15060 |t Revista de Ciencias Sociales/ |x 04825276 | |
